• 首页
  • 本馆介绍
  • 公告通知
  • 最新文献
  • 馆藏检索
  • 电子资源
  • 读者导购
  • 参考咨询
  • 我的图书馆
  • 登录
  • 详细信息显示
  • 放入我的书架
  • 预约/预借图书
  • 作者相关作品
  • 分类相关作品
  • 丛书相关作品
  • 出版社相关作品

书目信息

  • 表格格式
  • 工作单格式
  • 卡片格式
题名:
非线性多变量多模型神经网络自适应解耦控制
    
 
作者: 富月 著
分册:  
出版信息: 北京   科学出版社  2018
页数: 153页
开本: 24cm
丛书名:
单 册:
中图分类: TP183
科图分类:
主题词: 非线性--fei xian xing--多变量--人工神经网络--自适应控制系统
电子资源:
ISBN: 978-7-03-059129-6
000 01499nam0 2200289 450
001 012001000694
005 20131106151246.0
010    @a978-7-03-059129-6@dCNY98.00
099    @aCAL 012018190230
100    @a20181205d2018 ekmy0chiy50 ea
101 0  @achi
102    @aCN@b110000
105    @aa a 000yy
106    @ar
200 1  @a非线性多变量多模型神经网络自适应解耦控制@Afei xian xing duo bian liang duo mo xing shen jing wang luo zi shi ying jie ou kong zhi@f富月著
210    @a北京@c科学出版社@d2018
215    @a153页@c图@d24cm
312    @a英文题名取自封面
320    @a有书目 (第140-151页)
330    @a本书系统介绍具有不确定性的非线性单变量系统、非线性多变量系统、非线性多变量强耦合系统的自适应控制以及自适应解耦控制理论和方法。本书大部分内容取材于作者多年来在控制领域取得的研究成果。本书主要内容包括非线性单变量多模型神经网络自适应控制、非线性多变量多模型神经网络自适应控制、非线性多变量多模型神经网络自适应闭环解耦控制、非线性多变量多模型神经网络自适应开环解耦控制、非线性多变量自适应智能解耦控制,以及上述算法的仿真实验和稳定性、收敛性分析。
333    @a高等院校控制理论与控制工程专业以及其他相关专业的研究生、及工业过程控制领域的科技工作者
510 1  @aNonlinear multivariable adaptive decoupling control based on multiple models and neural networks@zeng
606 0  @a非线性@Afei xian xing@x多变量@x人工神经网络@x自适应控制系统
690    @aTP183@v5
701  0 @a富月@Afu yue@4著
801  0 @aCN@b北京卓展文化@c20191020
905    @b1196659-60@dTP183@e172@f2
    
    非线性多变量多模型神经网络自适应解耦控制/富月著.-北京:科学出版社,2018
    153页:图;24cm
    使用对象:高等院校控制理论与控制工程专业以及其他相关专业的研究生、及工业过程控制领域的科技工作者
    
    ISBN 978-7-03-059129-6:CNY98.00
    本书系统介绍具有不确定性的非线性单变量系统、非线性多变量系统、非线性多变量强耦合系统的自适应控制以及自适应解耦控制理论和方法。本书大部分内容取材于作者多年来在控制领域取得的研究成果。本书主要内容包括非线性单变量多模型神经网络自适应控制、非线性多变量多模型神经网络自适应控制、非线性多变量多模型神经网络自适应闭环解耦控制、非线性多变量多模型神经网络自适应开环解耦控制、非线性多变量自适应智能解耦控制,以及上述算法的仿真实验和稳定性、收敛性分析。
●
相关链接 在E读中查询图书 在五车中查询图书 在当当中查询图书 在豆瓣中查询图书


正题名:非线性多变量多模型神经网络自适应解耦控制     索取号:TP183/172         预约/预借

序号 登录号 条形码 馆藏地/架位号 状态 备注
1 1196659   211966595   第二样本阅览室/ [索取号:TP183/172] 在馆    
2 1196660   211966602   第三借阅区/ [索取号:TP183/172] 在馆    
唐山师范学院图书馆 欢迎您!
大连网信软件有限公司© 版权所有